| 000 | 005350000a22001690004500 | ||
|---|---|---|---|
| 090 |
_aAR _b01330 |
||
| 245 | 1 | 0 | _aDescription of a new bat of the genus Artibeus from Trinidad |
| 650 | 1 | 4 |
_aTaxonomía animal _98245 |
| 650 | 1 | 4 |
_aMorfología animal _99953 |
| 650 | 1 | 4 |
_aMurciélagos _92659 |
| 651 | 4 |
_pTrinidad _992749 |
|
| 653 |
_fPhyllostomidae _gArtibeus _eArtibeus bilobatus |
||
| 041 | 0 | _aInglés | |
| 100 | 1 |
_aThomas, Oldfield _994621 |
|
| 942 | _cARTICULO | ||
| 773 | 1 |
_tAnnals and Magazine of Natural History _3478 _q408-410 _d1892 _g10 |
|
| 999 |
_c10415 _d10415 |
||